000
00287nam a2200121Ia 4500
008
220216s9999 xx 000 0 und d
100
_a
Kpolo D Mapri
245
0
_a
INRO at a deadlock
260
_b
Rubber International Magazine
_c
1999
300
_a
43-46
650
_a
INRO
942
_c
JS
999
_c
61437
_d
61437